[Event "UNAM Open"]
[Site "?"]
[Date "2012.11.23"]
[Round "5"]
[White "Hambleton, Aman"]
[Black "Gonzalez Zamora, Juan Carlos"]
[Result "1-0"]
[WhiteElo "2404"]
[BlackElo "2542"]
[Annotator "Aman Hambleton"]
[PlyCount "161"]
[EventDate "2012.11.??"]
[EventType "swiss"]
[EventCountry "MEX"]

{After a great start to the tournament, I found myself paired against the
local favourite GM Juan Carlos Zamora from Mexico. In my preparation I noticed
he was playing the Dutch quite often, especially against lower rated players.
I decided to prepare something specific.} 1. d4 f5 2. Nc3 {I like to avoid the
main lines of the Dutch because I think there are a lot of unexplored ways to
play against ...f5 as a structural weakness. In the main line Black completes
development normally but I always try to prevent this.} Nf6 3. Bg5 d5 4. Bxf6
exf6 5. e3 {Diagram [#] So far we are following lesser known theory. The idea
of a quick Bg5 is to cripple the structure and play positionally against the
doubled pawns and on the light squares.} c6 6. Bd3 Be6 (6... Qa5 7. Qf3 g6 8.
a3 Na6 9. Ra2 $1 $14 {was mentioned to me by FM Vladimir Pechenkin after our
game in this same variation. The odd rook move stops ...Nb4 altogether and
makes the Na6 look misplaced.}) 7. Nge2 g6 8. h4 h5 {Diagram [#] I was happy
to see this move, but it is one that Black needed to make. If I am allowed to
play h5 myself, the pressure on f5 and g6 will be too much after Nf4 and Qf3
followed by a possible g4 break.} 9. Nf4 Bf7 10. Qd2 Bd6 11. O-O (11. O-O-O Nd7
12. Kb1 Qc7 13. g3 O-O-O $11) 11... Nd7 {Black's position certainly doesn't
look optimal with the light-squared Bishop locked in and the pawn structure
fixed with many weaknesses. However, he is completing development and has the
long-term edge of the two Bishops and dark square control.} 12. Nce2 Nb6 13. b3
Rg8 14. a4 {Diagram [#] This move is not so much to poke the Nb6, which does
not have many squares available anyway, but to continue with a6 afterwards and
break the strong pawn chain at the base. My opponent naturally needs to
prevent this.} a6 15. Rfc1 Nc8 16. c4 {I achieve the pawn break in the center,
but my opponent is wisely in time with ...Ne7 to defend d5 and prepare to
recapture with a piece. It is important he does not end up with a weak
isolated pawn on d5. My two Knights and light-squared Bishop can put immense
pressure on such a weakness.} Ne7 17. b4 (17. c5 Bc7 18. Ng3 $14 {Ng3 is a
difficult move to see since it doesn't necessarily improve the positioning of
my piece, but it does prevent g5 altogether because of the weak f5 and h5
pawns thereafter. This gives me the time I need to play b4-b5 on the Queenside.
}) 17... g5 $1 {Diagram [#] My opponent timed this move very well. The Pb4
requires my Queen's attention and c4 requires my Bishop and Rook, which
doesn't leave many pieces able to help on the Kingside.} 18. Nh3 (18. hxg5 fxg5
19. c5 $1 {The intermezzo I missed in my calculation. It is essential to see
this move because otherwise Nh3 can be met with ...dxc4 and Black brings a
piece to d5 and controls the light squares in the center.} Bb8 20. Nh3 $11)
18... Qd7 (18... dxc4 19. Bxc4 Bxc4 20. Rxc4 Nd5 $15 {seemed very easy to spot
over the board. I'm not sure why my opponent did not go for what seems like a
comfortable positional edge.}) 19. c5 Bc7 20. Kf1 (20. hxg5 fxg5 21. b5 $14 {
needed to be played for activity. Black's King is still in the center and it's
clear that it will not be going to the Queenside anytime soon. I delayed this
break far too long in the game.}) 20... f4 $1 21. exf4 gxh4 22. Neg1 Be6 23.
Re1 Kf7 24. Ra3 {Diagram [#] A useful Rook lift. The last few moves have been
very strange regroupings on my part. Kg1-f1, Ne2-g1, and Ra1-a3 all look
strange but somehow find synergy together. Black should be trying to play ...
Bf5xd3 and play a position with a better structure based on the light square
control.} Bg4 25. Bc2 Nf5 (25... a5 {takes advantage of my last move. If b5 is
not possible, then ...a5 is a favourable way to activate the a8 rook and
remove the potential counterplay I would have with a b5 break later on.}) 26.
Nf3 a5 (26... Bxh3 27. gxh3 {is actually a great position for me, despite the
open file to my King and doubled and isolated f-pawns. The Ra3 defends
laterally very well, and it is also important that the g4 square is controlled.
}) 27. Bxf5 Bxf5 28. Nxh4 {Diagram [#] My opponent maybe did not think I would
be greedy and take this pawn at the expense of my valuable light-squared
Bishop. However, I realized Black's Bc7 is out of play and the Ra3 is doing an
excellent defensive job.} Rae8 (28... axb4 29. Rae3 $14) 29. Nxf5 Qxf5 30. bxa5
{Now a forced sequence arises because my threat is Rb3xb7 which is very
annoying to defend against. Black is already much worse because he is forced
into an endgame while down a pawn.} Rxe1+ 31. Qxe1 Qe4 32. Qxe4 dxe4 33. f5 $1
{Diagram [#] Fixing the structure favourably based on his Bishop colour. Also,
this move stops Black's King from reaching d5 and possibly playing for a win.
This move was important to see before entering this forced variation.} Rd8 34.
Rb3 Bxa5 35. Rxb7+ Ke8 36. Ke2 Rxd4 37. Nf4 Rxa4 38. Nxh5 Bc3 39. Ng7+ Kf8 40.
Ne6+ Ke8 41. Ke3 {Diagram [#] Time control has been reached and now we enter
what should be a technically winning endgame, although my opponent put up
tremendous resistance. It was tougher than I imagined, especially looking at
the Black King position.} Be5 42. Rg7 (42. g3 Rc4 43. Rh7 Bb2 44. Rh8+ Ke7 45.
Rc8 $18 {was a quicker way to win another pawn.}) 42... Bb2 43. Rg4 Bc1+ 44.
Ke2 Kd7 45. Kd1 {Leaving my R on the 7th means I cannot win the e4 pawn, and
with his B on c1 I also cannot arrange the ideal position. I have to re-route
my pieces.} Bb2 46. Kc2 Be5 47. Kb3 e3 $1 {Diagram [#] This move deserves an
exclamation mark based on the nice idea behind it, but it is not a move I
overlooked at all. I thought Kb3 was a nice simplification in the end.} 48.
Rg7+ (48. Kxa4 exf2 49. Rg7+ Kc8 50. Rg8+ Kb7 51. Rg7+ Ka6 $19 {is the point.
White cannot stop the pawn from Queening.}) 48... Kc8 49. fxe3 Re4 50. g4 Rxe3+
51. Ka4 Re1 52. Ka5 Rb1 53. Ka6 Rb4 {Diagram [#]} 54. Rg8+ Kd7 55. Rd8+ Ke7 56.
Rd3 Rb8 57. Ka7 Rb5 58. Ra3 Kd7 59. Ra6 Bc7 60. Ra3 {Diagram [#] I tried to
make the King invasion work, coupled with pressure on c6 with my Rook. I was
under the impression that I could always undo my attempt and choose another
plan, so I felt a bit of freedom in this endgame...} Be5 ({...but I was wrong!
} 60... Kc8 $1 $11 {This move keeps my King cornered and secures a draw with
continued correct play. What I thought was an 'active' King in the endgame
turns into a problem because I'm running out of squares. There are also
checkmate threats I need to be careful of.} 61. g5 Rb7+ 62. Ka6 Rb8 $1 63. Nxc7
Kxc7 64. Ka7 Rb7+ {Draw.}) 61. Rd3+ Ke7 62. Ka6 Rb8 63. Re3 {Diagram [#]
Finally I found the right plan, which was a timely g5 push. Here there is
pressure on the Be5 as well as the discovery that follows. Something has to
give.} Bb2 64. Nf4+ (64. Rh3 Rb4 65. Rh7+ Ke8 66. Rc7 $18) (64. Nd4+ Kd7 65.
Re7+ Kxe7 66. Nxc6+ Kd7 67. Nxb8+ {is a fancy way to liquidate, but it
actually blunders away the game into a draw after} Kc7 $8 68. Ka7 Be5 $8 69.
Na6+ Kc6 $8 $11) 64... Kd7 65. Re6 Be5 66. Ng6 Bc7 (66... Bd4 $1 {is the key
move. There were so many chances missed for both sides in this complicated
endgame. Here the idea is based on my poorly placed Ka6; e.g.:} 67. Rd6+ Kc7
68. Rxd4 Ra8#) 67. Rxf6 Rb5 68. Rf7+ {Diagram [#]} Kd8 (68... Kc8 69. Ne7+ Kd7
70. Nxc6+ Kxc6 71. Rxc7+ Kxc7 72. Kxb5 $18) 69. Nf8 $2 (69. g5 {is simple and
strong, winning the game instantly. Instead I gave the game right back to my
opponent as the time pressure had caught up to me and I was nervous in such a
back and forth endgame!}) 69... Kc8 70. Rxc7+ {Forced because of the checkmate
threat on a5.} Kxc7 71. g5 {Diagram [#]Critical Position} Kd8 (71... Rb8 $1 {
is the only move to save a draw, and my opponent missed it. I think he
underestimated the power of my connected passed pawns together with my Knight.}
72. Ne6+ Kd7 73. g6 Ke7 74. g7 Kf7 $11) 72. f6 {Now the game is winning again,
and this time I don't let it slip away.} Ke8 73. Ne6 Kf7 74. Nd8+ Kg6 {Diagram
[#]} 75. f7 $8 Kg7 76. g6 $8 Rxc5 77. Ne6+ $8 Kxg6 78. f8=Q Re5 79. Qg7+ Kf5
80. Nd4+ Ke4 81. Nxc6 {After 81 moves and a very tense endgame I managed to
win in front of at least 100 fans who were watching the game live behind a
roped off area. It was a really nervous experience for me; many times in the
endgame I let a win slip away. However, my opponent made the last mistake and
that's what matters. I won and continued strong in the tournament en route to
my first GM norm!} 1-0

[Event "Panama Open"]
[Site "?"]
[Date "2012.12.01"]
[Round "8"]
[White "Cordova, Emilio"]
[Black "Hambleton, Aman"]
[Result "1-0"]
[WhiteElo "2568"]
[BlackElo "2404"]
[Annotator "Aman Hambleton"]
[PlyCount "133"]
[EventDate "2012.??.??"]

{Going into the 8th round of the Panama Open I had real chances for a GM norm.
In the previous rounds I managed two wins with White against GMs and now there
was a tough task ahead of me to survive with Black.} 1. d4 e6 2. Nf3 Nf6 3. Bg5
Be7 4. e3 {This is not what my opponent usually plays, and after the game he
told me that he thought my wins in the tournament so far had been from doing
well in theory. His idea was to play non-theoretical and try to outplay me.} b6
5. Bd3 Bb7 6. Nbd2 c5 {It is necessary to break at some point with this move,
and I always prefer to do it sooner rather than later.} 7. c3 O-O {In
hindsight, this was not necessary so soon. It reveals a lot about my
intentions and I could have easily waited with a move such as h6. If Bh4 then
I could castle... but then again I could never have expected what my opponent
was planning!} 8. h4 $5 {Diagram [#] This caught me by surprise. I did not
even play h6 yet and already my opponent started to go all out on the Kingside.
Now I knew White was planning to play 0-0-0 and possibly g4 at some point. The
Queenside is quite safe after all, so I have to either drum up counterplay in
the center or trade the pieces off.} h6 (8... Nc6 9. Qe2 d5 10. O-O-O c4 11.
Bc2 b5 {appears to be a much simpler response in hindsight. Playing h4 while I
have not committed h6 was strange but I did not bother to punish it. Instead I
should have just ignored the ghost threats and continued in the center.}) 9.
Rh3 cxd4 10. exd4 Ng4 $1 {Diagram [#] Finally some much needed liquidation. My
opponent really surprised me by going so aggressive with h4 and Rh3,
especially because he did not need to win this game for any reason in the
tournament. ...Ng4 forces some pieces off the board and can also remain on
this square in the future since White has committed h4 already.} 11. Bxe7 Qxe7
12. Qe2 Nc6 13. O-O-O f5 {This move is very weakening, but I was unsure of a
plan for Black here. Ideally d6 followed by ...Rac8 and an eventual e5 should
work, but I didn't like how quickly White can move the Nf3 and continue with
g4.} (13... d6 14. Ne1 Nf6 15. g4 $40) 14. h5 Qd6 {Diagram [#] I knew my
position was strategically worse at this point but I also knew that my
opponent would continue to play as aggressively as he has so far. I expected
things to get wild very shortly. The text move frees up the e7 square for a N
and eyes the f4 square.} 15. Kb1 Qc7 16. Nh4 Ne7 17. f3 {White has not had
much choice the last few moves. h5, Nh4, and f3 are very fluid together, but
since White is completely committed to the attack he is starting to make
positional concessions of his own.} Nf6 18. g4 {Diagram [#]} Nfd5 $1 {This is
the correct counterattack. The dark squares in White's position are very weak
and ...Nf4 cannot be stopped.} (18... fxg4 19. fxg4 Nfd5 20. g5 Nf4 21. Qh2
hxg5 22. Ng6 {creates a lot of pressure near my King. Definitely not a good
practical position.}) 19. gxf5 Nf4 20. Qh2 Rac8 {Diagram [#] Qh2 was the only
move, but after ...Rac8 I win an exchange by force because of the fork on h3
and d3. I knew there would be a lot of compensation, but at this point I was
confident I had the advantage.} 21. Bc2 Nxh3 (21... exf5 {was more precise.
White cannot save his Rook because the only way to do that is to allow a Q
exchange down a pawn e.g. Rg3 Nxh5. I should have recaptured on f5 instead of
going for the material. Now the compensation is more than I expected.}) 22.
Qxh3 Nxf5 23. Bxf5 exf5 24. Nxf5 {Diagram [#]} Kh7 (24... Rcd8 {is the
computer's idea, removing the R from the e7 fork and preparing Qf4. The tactic}
25. Qg4 d6 26. Nxh6+ {fails to} Kh8 27. Nf5 Bc8 $19) 25. Qg4 d5 26. Rg1 Rf6 {
Diagram [#] This is an important defensive resource. Stubbornly defending the
pawn on g7 leaves me far too passive. ...Rf6 defends the crucial g6 square} 27.
Re1 ({If White were to play} 27. Qxg7+ Qxg7 28. Rxg7+ Kh8 29. Rxb7 Rxf5 {and ..
.Rxh5 with a dangerous passed pawn.}) 27... Qd7 28. Nxh6 Rd8 29. Qxd7 Rxd7 30.
Ng4 Rf5 {Diagram [#] I had calculated this far, and realized White can
liquidate the Kingside pawns with h6. This is really important because
otherwise I think Black is preferable. After h5-h6, objectively I am better
but I did not feel this way over the board. The Knights are so dangerous!} 31.
h6 gxh6 32. Re6 Kg7 33. Rxh6 Re7 34. Rh2 Re1+ 35. Kc2 Rg5 36. Ne5 Bc8 {Diagram
[#] Heading to the f5 square. I think the position is really unclear,
especially because White is so solid and Black doesn't have any passed pawns.
I would have been content with a draw at this point, especially considering my
GM norm and tournament situation.} 37. f4 Rg3 38. Kb3 Rc1 (38... Ba6 $1 {
intending ...Re2 was the right continuation. I should have realized that
White's control of the 2nd rank was the glue in his position, but I was
already very committed to the idea of placing the Bishop on f5.} 39. Nc6 Re2
40. Rxe2 Bxe2 41. Nxa7 Kf6 $13) 39. Nc6 a5 40. Rf2 Bf5 {Diagram [#]} 41. Nf3 (
41. Ne7 $1 Bc2+ 42. Ka3 b5 43. Nxd5 b4+ 44. Nxb4 axb4+ 45. Kxb4 $11 {is a
completely bizarre position which should actually be equal but I think most
players would prefer to have the 5 pawns! I was very scared of allowing a
continuation like this.}) 41... Kf6 42. Nfe5 Ke6 43. Ka4 Ra1 44. a3 Rb1 45. Rh2
Kd6 {Diagram [#] I have been playing the correct moves so far, but practically
speaking I think White's position is so much easier to play with the Knights.
I felt like I would be happy with a draw, so I evaluated the position as a a
little worse for me. The right plan is to wait with Kc7/Kd6 but I had not
stumbled across this in time.} 46. Kb3 Be4 (46... Rh3 47. Rg2 Be4 {finally
forces the White rook off any open files because after} 48. Rg8 a4+ $1 $11 {
liquidates the pawns and the draw becomes easier to see.}) 47. Ka4 Ke6 $2 {
Going in the wrong direction. Kd6/c7 was where I needed to stay, otherwise
playing with the rooks. Understanding this position and what the plan is for
Black was very difficult for me.} 48. Rh6+ Kf5 49. Ne7+ Kxf4 50. Rf6+ {Diagram
[#]} Kg5 {Again, ...Ke3 is probably a little better. At this point I was short
on time and I already felt the game was slipping away. The Knights remain a
nuisance and White's King is in no danger.} (50... Ke3 51. Rxb6 Rg2 52. Rb5
Rgxb2 53. Nxd5+ Bxd5 54. Rxd5 $14 {would once again lead to an interesting
endgame where only White has the winning chances. This game was one of the
most difficult cases of imbalanced material that I've had to evaluate!}) 51.
Rxb6 Kf4 52. Kxa5 Rg2 53. Rb5 Ke3 (53... Rgxb2 54. Rxb2 Rxb2 55. Nxd5+ $18 {is
winning, based on the fork Nd3+. The pawns are too much to handle and the Rook
is not the right piece against two tricky Knights.}) 54. Nxd5+ Kd2 55. Nb6 Kc2
56. Nbc4 {Diagram [#] Now White reaches a final fortress and in the end I
never managed to take a single Queenside pawn! The game is resignable here but
with mutual time trouble I decided to play on to see if I could harass the
pawns from behind.} Rg7 57. a4 Rh1 58. Na3+ Kc1 59. b3 Kb2 60. Kb4 Ka2 61. Nec4
Rh3 62. Rb8 Rc7 63. Nb5 Re7 64. Rf8 Rh2 65. Na5 Kb2 66. c4 Rd7 67. d5 {Nice
technique by my opponent. The pawns and Knights coordinate so well together
that my Rooks do not have an impact. With this result I lost my GM norm, and I
was reminded the importance of playing practical chess!} 1-0